Statistics for Travel Vocabulary : Spanish

Click here to take the quiz!

General Stats

  • This quiz has been taken 76 times
  • The average score is 8 of 14

Answer Stats

SpanishEnglish% Correct
BicicletaBicycle
92%
Habla ingles?Do you speak english?
89%
Sin carneWithout meat
84%
Buenas tardesGood afternoon
84%
Lo sientoI'm sorry.
79%
A tiempoOn time
78%
No entiendoI don't understand.
65%
Estoy perdidoI'm lost
54%
VueloFligh
49%
El boletoTicket
46%
EquipajeBaggage
44%
Buen provechoEnjoy your meal
27%
La aduanaCustoms
22%
La saludaExit , departure
17%

Score Distribution

Percentile by Number Answered

Percent of People with Each Score

Your Score History

You have not taken this quiz